Central Library OPAC University of Rajshahi

The chemical front / (Record no. 16601)

MARC details
000 -LEADER
fixed length control field 00844cam a22002891 4500
001 - CONTROL NUMBER
control field 16601
003 - CONTROL NUMBER IDENTIFIER
rucl marc code BD-RjUL
005 - DATE AND TIME OF LATEST TRANSACTION
control field 20211209000029.0
008 - FIXED-LENGTH DATA ELEMENTS--GENERAL INFORMATION
fixed length control field 140215r19451943n 001 0 eng
035 ## - SYSTEM CONTROL NUMBER
System control number (BD-RjUL)16656
System control number (OCoLC)1574787
040 ## - CATALOGING SOURCE
Original cataloging agency DLC
Transcribing agency F
Modifying agency DLC
-- BD-RjUL
Language of cataloging eng
041 ## - LANGUAGE CODE
Language code of text/sound track or separate title eng
082 00 - DEWEY DECIMAL CLASSIFICATION NUMBER
Classification number 660
Author mark and year HAC 1945
100 1# - MAIN ENTRY--PERSONAL NAME
Personal name Haynes, Williams,
Dates associated with a name 1886-1960.
9 (RLIN) 51283
245 14 - TITLE STATEMENT
Title The chemical front /
Statement of responsibility, etc. by William Haynes.
260 ## - PUBLICATION, DISTRIBUTION, ETC. (IMPRINT)
Place of publication, distribution, etc. New York :
Name of publisher, distributor, etc. A. A. Knopf,
Date of publication, distribution, etc. c1943 [printing 1945].
300 ## - PHYSICAL DESCRIPTION
Pagination 3 p. 1., v xii, 264 1 p. :
Illustrations plates (part col.) diagrs. ;
Size 22 cm.
500 ## - GENERAL NOTE
General note "First edition."
504 ## - BIBLIOGRAPHY, ETC. NOTE
Bibliography, etc includes index.
650 #0 - SUBJECT ADDED ENTRY--TOPICAL TERM
Topical term or geographic name as entry element Chemistry, Technical.
9 (RLIN) 51284
Topical term or geographic name as entry element Chemical warfare.
9 (RLIN) 51285
Topical term or geographic name as entry element Drugs.
9 (RLIN) 51286
942 ## - ADDED ENTRY ELEMENTS (KOHA)
Source of classification or shelving scheme Dewey Decimal Classification
Koha item type Books
Holdings
Lost status Source of classification or shelving scheme Damaged status Not for loan Collection code Permanent Location Current Location Shelving location Date acquired Source of acquisition Total Checkouts Full call number Date last seen Copy number Koha item type
  Dewey Decimal Classification   Not For Loan Non-fiction Central Library, University of Rajshahi Central Library, University of Rajshahi Reading Room 28/02/1958 Dacca   660 HAC 1945 15/02/2014 C-1 Books